00332nam a2200121Ia 450000500170000000800410001708200130005810000170007124500360008826000360012430000110016050000390017120250323154851.0240331s9999 xx 000 0 und d bMoua894 aMounaguru, C 0aKaala ottathinoode oru kavignan aMadrasbSouth Asian Booksc1994 a96 p., aNeelavanan valavum ilakkiyappanium